Lusografias crioulas (Registo nº 201759)

Detalhes MARC
000 -Etiqueta do registo
Valores 00646nam 22002173 4500
010 ## - Número ISBN
ISBN 972-8163-14-2
021 ## - Número do Depósito Legal
Código do país Portugal
Número 113514/97
100 ## - Dados gerais de processamento
Dados gerais 20260414d u||y0pory50 ba
200 ## - Titulo e menção de responsabilidade
Título próprio Lusografias crioulas
Primeira menção de responsabilidade David Mestre
210 ## - Publicação
Local de publicação Évora
Nome do editor Pendor
Data de publicação 1997
215 ## - Descrição física 
Paginação / Volumes 142, [2] p.
Outras indicações físicas brochado
Dimensões 19 cm
225 ## - Colecção 
Título próprio da colecção Sínteses
Número de parte ou secção 6
606 ## - Nome comum usado como assunto
ID Autoridade 3661
Palavra de ordem Crítica Literária.Estudos Literários
610 ## - Termos não controlados
Palavra de ordem comentários sobre escritores angolanos, moçambicanos e brasileiros
675 ## - CDU
Notação 82.09
Edição PT
Língua por
700 ## - Autor principal (pessoa individual)
ID Autoridade 17113
Apelido Mestre
Nome David
Datas 1948-1998
801 ## - Fonte de origem
País PT
Agência BMMN
Regras de catalogação RPC
830 ## - Notas gerais do catalogador
Criado por Vanda
990 ## - Elementos KOHA
Tipo de documento Livro
Exemplares
Situação do levantamento Biblioteca de origem Código de barras Cota Permissão de empréstimo Tipo de documento Forma de aquisição
  Biblioteca Municipal de Montemor-o-Novo 31126 82.09 MES|DEP   Livro Compra

Powered by Koha